| 000 | 01282cad a22002415a 4500 | ||
|---|---|---|---|
| 001 | L154989 | ||
| 008 | 120214s2012 xxk f 000 0 eng d | ||
| 020 | _a9781842196847 | ||
| 035 | _a(Sirsi) u154989 | ||
| 041 | 0 | _aeng | |
| 050 | 0 | 4 | _a333.332 $1 8 |
| 110 | 2 | _aRoyal Institution of Chartered Surveyors | |
| 245 | 0 | 0 |
_aComparable evidence in property valuation _h[archived] |
| 260 |
_aCoventry _bRICS _c2012 |
||
| 490 | 0 |
_aRICS Information Paper _v(IP 26/2012) |
|
| 490 | 0 | _aRICS Valuation | |
| 520 | _aCovering most types of real estate asset, this information paper discusses the use of comparable evidence in property valuation and aims to: outline the principles of comparable evidence use, encourage consistency in its application worldwide, address issues of availability and the use of comparable evidence under challenging market conditions and consider the potential sources of comparable evidence. Superseded by Comparative evidence in real estate valuation 1st ed 2019 9781783213733 | ||
| 590 | _aKA | ||
| 651 | 4 | _aUnited Kingdom | |
| 690 |
_aValuation _96273 |
||
| 856 | 4 | 0 |
_uhttps://www.isurv.com/downloads/file/3368/archive_comparable_evidence_in_property_valuation_february_2012-november_2017 _zarchived on isurv (subscription required) |
| 942 | _n0 | ||
| 999 |
_c113272 _d113272 |
||